00623nam a22001817a 4500952012600000999001700126003000400143005001700147008004100164020001800205040000900223082001700232100002200249245007900271260004200350300000900392942004000401 00102ddc40708CHEMISTRYaMESbMEScCHEd2020-08-14l0o547.7 KRI/Cp28180r2020-08-14 00:00:00w2020-08-14yBKzGL29R4 c40897d40897OSt20200814121058.0200814b ||||| |||| 00| 0 eng d a9788173714528 coclc a547.7bKRI/C aKrishnaswamy, N R aChemistry Of Natural Products :bA Laboratory Handbook /cN R Krishnaswamy aHyderbad:bUniversities Press,c2003. a124p cBK2ddch547.7iKRI/Ck547.7mKRI/C